[Event "Bohemians-B"]
[Site "Prague"]
[Date "1989.??.??"]
[Round "?"]
[White "Konopka, Michal"]
[Black "Kopicka, K."]
[Result "1-0"]
[WhiteElo "2405"]
[BlackElo "2220"]

1.Nf3 Nf6 2.c4 g6 3.g3 Bg7 4.Bg2 O-O 5.d4 d6 6.O-O Nc6 7.Nc3 Bf5 8.b3 e5
9.dxe5 dxe5 10.Bb2 Re8 11.Qxd8 Raxd8 12.Rfd1 Nd4 13.Nh4 Bc8 14.e3 Ne6 15.Nb5 a6
16.Na7 e4 17.Rxd8 Rxd8 18.Nxc8 Rxc8 19.Rd1 Ng5 20.Be5 Kf8 21.f4 exf3 22.Nxf3 Ne6
23.Nd4 c6 24.Bh3 Re8 25.Nxe6+ fxe6 26.Kf1 Ke7 27.Ke2 Bf8 28.Rd6 Kf7 29.Rd4 Be7
30.Bc7 Bc5 31.Rd1 e5 32.a4 h5 33.Rd8 Re7 34.Bd6 Bxd6 35.Rxd6 Ng4 36.Bxg4 hxg4
37.Kd3 Re6 38.Rd8 Kf6 39.Ke4 Re7 40.Rd6+ Kg5 41.a5 Rh7 42.Kxe5 Rxh2 43.e4 Rf2
44.Ke6 Rf3 45.e5 Rxg3 46.Kd7 Re3 47.e6 Kf6 48.Rd1 g3 49.Rf1+ Kg7 50.c5 Rd3+
51.Kc7 Rxb3 52.e7 Re3 53.Kxb7 Rxe7+ 54.Kxa6 Re2 55.Kb6 Ra2 56.a6 Kh6 57.a7 Kg5
58.Kb7 Kg4 59.a8=Q Rxa8 60.Kxa8 g2 61.Rc1  1-0

[Event "Bohemians-B"]
[Site "Prague"]
[Date "1989.??.??"]
[Round "?"]
[White "Konopka, Michal"]
[Black "Summermatter, Daniel"]
[Result "1-0"]
[WhiteElo "2405"]
[BlackElo "2435"]

1.Nf3 Nf6 2.c4 g6 3.g3 Bg7 4.Bg2 O-O 5.d4 c6 6.Nc3 d6 7.O-O Qa5 8.e4 e5 9.h3 Na6
10.Be3 Be6 11.Qe2 Nc7 12.Rfc1 Nfe8 13.b3 f5 14.dxe5 dxe5 15.Bd2 Na6 16.exf5 Bxf5
17.Re1 Rd8 18.Ne4 Qc7 19.Bc3 Bxe4 20.Qxe4 Nc5 21.Qc2 e4 22.Ng5 Bxc3 23.Qxc3 Rxf2
24.Kxf2 Rd3 25.Qc1 Qxg3+ 26.Kg1 Nd6 27.b4 e3 28.Re2 Nf5 29.Nf3 Ne4 30.Qc2 Qd6
31.c5 Qd7 32.Ne1 Rd2 33.Qc4+ Kg7 34.Bxe4 Ng3 35.Rxe3 Qxh3 36.Qc3+ Kh6 37.Qxd2 Qf1+
38.Kh2  1-0

[Event "Prague Mladi"]
[Site "Prague"]
[Date "1989.??.??"]
[Round "1"]
[White "Kochyev, Alexander"]
[Black "Hausner, Ivan"]
[Result "1/2-1/2"]
[WhiteElo "2475"]
[BlackElo "2445"]

1.Nf3 Nf6 2.c4 g6 3.g3 Bg7 4.Bg2 O-O 5.d4 d6 6.O-O Nbd7 7.Nc3 e5 8.e4 c6
9.Rb1 a5 10.h3 Re8 11.Re1 exd4 12.Nxd4 Nc5 13.Bf4 a4 14.b4 axb3 15.axb3 h6  1/2-1/2

[Event "Prague op"]
[Site "Prague"]
[Date "1989.??.??"]
[Round "3"]
[White "Vaulin, Alexander"]
[Black "Rosenthal, Dirk"]
[Result "1-0"]
[WhiteElo "2370"]
[BlackElo "2280"]

1.c4 Nf6 2.g3 g6 3.Bg2 Bg7 4.Nf3 O-O 5.O-O d6 6.d4 Nbd7 7.Nc3 e5 8.e4 a6
9.Qc2 exd4 10.Nxd4 Ne8 11.Rd1 Ne5 12.c5 Bd7 13.cxd6 cxd6 14.b3 Rc8 15.Bb2 Bg4
16.Re1 Nc7 17.Qd2 Ne6 18.Nd5 Nxd4 19.Bxd4 f5 20.h3 Nf3+ 21.Bxf3 Bxf3 22.Bxg7 Kxg7
23.Qd4+ Kg8 24.exf5 Rf7 25.fxg6 hxg6 26.Re6 Qg5 27.Nf6+ Kf8 28.Rae1  1-0

[Event "Royan op"]
[Site "Royan"]
[Date "1989.??.??"]
[Round "2"]
[White "Schulz, K."]
[Black "Cabrilo, Goran"]
[Result "0-1"]
[WhiteElo "2350"]
[BlackElo "2510"]

1.Nf3 Nf6 2.c4 g6 3.g3 Bg7 4.Bg2 O-O 5.O-O d6 6.d4 Nc6 7.Nc3 Bg4 8.h3 Bxf3
9.Bxf3 Nd7 10.e3 e5 11.dxe5 Ndxe5 12.Be2 Qd7 13.Kg2 Na5 14.Qc2 Qc6+ 15.e4 Nexc4
16.Nd5 Rae8 17.Rb1 Na3 18.Qxc6 bxc6 19.Nxc7 Rb8 20.Bd2 Nxb1 21.Rxb1 Nb7 22.Na6 Rbc8
23.Be3 Rfe8 24.Bg4 Rcd8 25.Bf3 Nc5 26.Nxc5 dxc5 27.b3 Bd4 28.Bf4 f6 29.h4 Kg7
30.Rc1 h6 31.Rc4 g5 32.Bc1 Re5 33.Ra4 Rd7 34.Ra6 f5 35.exf5 Rxf5 36.hxg5 hxg5
37.Bg4 Rxf2+ 38.Kh3 Rc7 39.Bxg5 Kg6 40.Bh4 Bf6 41.Be6 Bxh4 42.gxh4 Rf6 43.Bc4 Kf5
44.Ra5 Kf4 45.Rxc5 Rg7 46.Be2 Rg3+ 47.Kh2 Re3 48.Bf1 Kg4 49.Rc4+ Rf4 50.Kg2 Rg3+
51.Kh2 Rxc4 52.bxc4 Kxh4  0-1

[Event "Sochi-A"]
[Site "Sochi"]
[Date "1989.??.??"]
[Round "?"]
[White "Pigusov, Evgeny"]
[Black "Lautier, Joel"]
[Result "1/2-1/2"]
[WhiteElo "2560"]
[BlackElo "2465"]

1.c4 Nf6 2.g3 g6 3.Bg2 Bg7 4.Nf3 O-O 5.d4 d6 6.O-O Nbd7 7.Qc2 e5 8.Rd1 Re8
9.dxe5 dxe5 10.e4 c6 11.h3 Qc7 12.Be3 b6 13.Nc3 Ba6 14.Bf1 Bb7 15.Rac1 Nf8
16.b4 Ne6 17.c5 bxc5 18.bxc5 Rad8 19.Nb1 Bc8 20.Nbd2 Bf8 21.Nb3 Rxd1 22.Rxd1 Nd7
23.Rc1 Be7 24.Qb2 Qb8 25.Qa3 Rd8 26.Nfd2 Nf6 27.Bg2 h5 28.Nc4 h4 29.g4 Ne8
30.Nba5 Qc7 31.Nxe5 Qxe5 32.Nxc6 Qc7 33.Nxd8 Bxd8 34.c6 Bg5 35.Bxg5 Nxg5
36.Qb4 Ne6 37.e5 g5 38.Be4 Qxe5 39.a3 N8c7 40.Bf5 Kg7 41.Qb3 Qd5 42.Qe3 Nf4
43.Be4 Qe5 44.Rc5 Nxh3+ 45.Kf1 Ba6+ 46.Ke1 Qe7 47.Qd4+ Kg8 48.Qe5 Qxe5 49.Rxe5 Kf8
50.Ra5 Ke7 51.f4 f6 52.fxg5 Nxg5 53.Bh1 Ke6 54.Kf2 Kd6 55.Rf5 Ke6 56.Ra5 Kd6
57.Rf5  1/2-1/2

[Event "St Ingbert op"]
[Site "St Ingbert"]
[Date "1989.??.??"]
[Round "9"]
[White "Mozny, Milos"]
[Black "Stratil, Ladislav Jr"]
[Result "1/2-1/2"]
[WhiteElo "2360"]
[BlackElo "2390"]

1.Nf3 Nf6 2.g3 g6 3.Bg2 Bg7 4.c4 O-O 5.O-O d6 6.d4 Nc6 7.Nc3 Nd7 8.e3 e5
9.b3 a5 10.Bb2 Qe8 11.dxe5 Ndxe5 12.Nxe5 Nxe5 13.Qd2 Bh3 14.f4 Bxg2 15.Kxg2 Nd7
16.e4 Nc5 17.Rae1 a4 18.b4 a3 19.Ba1 Na4 20.Nxa4 Bxa1 21.Rxa1 Rxa4 22.Rfe1 c5
23.Rab1 Qe6 24.Kf3 Rc8 25.e5 dxe5 26.bxc5 Qc6+ 27.Qd5 Rxc4 28.Rxe5 Rc3+ 29.Kg4 Rxc5
30.Qxc6 R8xc6 31.Re8+ Kg7 32.Rxb7 Rc2 33.Ree7 Kf6 34.h4 Rxa2 35.Ra7 Ra1 36.Re3 a2
37.Rea3 h5+ 38.Kh3 Rh1+ 39.Kg2 a1=Q 40.Rxa1 Rxa1 41.Rxa1  1/2-1/2

[Event "Tirnavia"]
[Site "Trnava"]
[Date "1989.??.??"]
[Round "?"]
[White "Plachetka, Jan"]
[Black "Smejkal, Jan"]
[Result "1/2-1/2"]
[WhiteElo "2450"]
[BlackElo "2515"]

1.Nf3 Nf6 2.c4 g6 3.g3 Bg7 4.Bg2 O-O 5.d4 d5 6.cxd5 Nxd5 7.O-O Nb6 8.Nc3 Nc6
9.d5 Na5 10.Qc2 c6 11.dxc6 Nxc6 12.Rd1 Qc7 13.Nb5 Qb8 14.Bf4 e5 15.Be3 Bf5
16.Qc5 Rc8 17.Nxa7 Na4 18.Nxc6 bxc6 19.Qe7  1/2-1/2

[Event "Tirnavia-C"]
[Site "Trnava"]
[Date "1989.??.??"]
[Round "10"]
[White "Drtina, Milan"]
[Black "Duriga, Stefan"]
[Result "1-0"]
[WhiteElo "2225"]
[BlackElo "2295"]

1.Nf3 Nf6 2.c4 g6 3.g3 Bg7 4.Bg2 O-O 5.O-O d6 6.d4 Nbd7 7.Nc3 c6 8.b3 Re8
9.e4 e5 10.Rb1 exd4 11.Nxd4 Nc5 12.Re1 a5 13.Bb2 Qb6 14.Nc2 Bg4 15.Qd2 Rad8
16.Ne3 Bc8 17.f3 Nfd7 18.Ncd1 Bxb2 19.Rxb2 Ne5 20.Nf2 f6 21.f4 Nf7 22.Qd4 Nd7
23.Qc3 Qb4 24.Qc1 Kg7 25.Rb1 Nf8 26.a3 Qb6 27.Qc3 h6 28.b4 axb4 29.axb4 Re7
30.c5 dxc5 31.bxc5 Qc7 32.Neg4 Nh7 33.e5 fxe5 34.Nxe5 Nxe5 35.Rxe5 Rxe5 36.Re1 Re8
37.Nd3 Nf8 38.Nxe5 Kh7 39.Be4 Qg7 40.Qd3 Kh8 41.Bxg6 Re7 42.Qd8 Bh3 43.Qxe7  1-0

[Event "Wch U20"]
[Site "Tunja"]
[Date "1989.??.??"]
[Round "6"]
[White "Stangl, Markus"]
[Black "Hernandez, Gilberto"]
[Result "1/2-1/2"]
[WhiteElo "2375"]
[BlackElo "2300"]

1.Nf3 Nf6 2.c4 g6 3.g3 Bg7 4.Bg2 O-O 5.d4 d6 6.O-O Nc6 7.Nc3 Bg4 8.d5 Na5
9.b3 c5 10.dxc6 bxc6 11.Bb2 Rb8 12.Qd2 Qc7 13.Rac1 h6 14.Rfd1 Rfd8 15.h3 Bf5
16.Nd4 Bd7 17.Ba3 Nb7 18.Nc2 Ra8 19.Ne3 Be8 20.Ng4 Nxg4 21.hxg4 Bd7 22.Bf3 f5
23.gxf5 gxf5 24.e4 Rf8 25.c5 fxe4 26.Bxe4 Bg4 27.cxd6 exd6 28.Re1 Qd7 29.Na4 Bf3
30.Bb2 Rae8 31.Bxf3 Rxf3 32.Rxe8+ Qxe8 33.Bxg7 Kxg7 34.Qd4+ Rf6 35.Qg4+ Kh7
36.Kg2 Nd8 37.Rc3 h5 38.Qd4 Qf7 39.Rc2 Qg6 40.Nc3 d5 41.Rd2  1/2-1/2

[Event "Wch U20"]
[Site "Tunja"]
[Date "1989.??.??"]
[Round "12"]
[White "Stangl, Markus"]
[Black "Vazquez, Rod"]
[Result "1-0"]
[WhiteElo "2375"]
[BlackElo "2300"]

1.Nf3 Nf6 2.c4 g6 3.g3 Bg7 4.Bg2 O-O 5.d4 d6 6.O-O Nbd7 7.Nc3 e5 8.e4 exd4
9.Nxd4 Re8 10.h3 a6 11.Be3 Rb8 12.g4 Ne5 13.b3 c5 14.Nde2 b5 15.f4 Nexg4
16.hxg4 Nxg4 17.Bf2 f5 18.exf5 b4 19.Bd5+ Kh8 20.Ne4 Bxf5 21.Ng5 Nh6 22.Ng3 Bg4
23.Qxg4 Bxa1 24.Qh3 Bg7 25.N3e4 Re7 26.Kg2 Qd7 27.Be6 Qc6 28.Rh1 Rbe8 29.Bd5 Qc7
30.Ne6 Qd7 31.Nxg7 Qxh3+ 32.Rxh3 Kxg7 33.Nxd6 Rf8 34.Bxc5 Rxf4 35.Be3 Rg4+
36.Kf3 Nf5 37.Bc5 Rg5 38.Ne4 Rxe4 39.Bxe4 Nh4+ 40.Rxh4 Rxc5 41.Bd5 h5 42.Ke4 Kh6
43.Kd4 Rc7 44.Rh1 g5 45.Bf3 h4 46.c5 Rf7 47.Bd5 Re7 48.c6 Kh5  1-0

[Event "Uzes op"]
[Site "Uzes"]
[Date "1989.??.??"]
[Round "4"]
[White "Weinsanto, Marc"]
[Black "Camus, J."]
[Result "1-0"]
[WhiteElo "2080"]
[BlackElo "1820"]

1.Nf3 Nf6 2.g3 g6 3.Bg2 Bg7 4.c4 O-O 5.Nc3 d5 6.cxd5 Nxd5 7.O-O e5 8.Nxd5 Qxd5
9.d3 Qd8 10.Bg5 Qd6 11.Nd2 c6 12.Qc2 Be6 13.Ne4 Qc7 14.b4 Nd7 15.Be7 Rfe8
16.Bd6 Qd8 17.Nc5 Nxc5 18.bxc5 Bd5 19.e4 Be6 20.Rab1 b5 21.a4 a6 22.Qd2 f6
23.d4 Bc4 24.Rfd1 exd4 25.Qxd4 f5 26.e5 Qd7 27.f4 a5 28.axb5 Bxb5 29.Rxb5 cxb5
30.Bxa8 Rxa8 31.Qd5+ Kh8 32.Qxa8+  1-0

[Event "Vosu op"]
[Site "Vosu"]
[Date "1989.??.??"]
[Round "?"]
[White "Lauk, Ular"]
[Black "Stavrinov, A."]
[Result "1-0"]
[WhiteElo "2325"]
[BlackElo "2200"]

1.Nf3 Nf6 2.g3 g6 3.Bg2 Bg7 4.c4 O-O 5.Nc3 d6 6.d4 c5 7.O-O Nc6 8.dxc5 dxc5
9.Be3 Nd7 10.Qc1 Nd4 11.Rd1 e5 12.Bh6 Qa5 13.Bxg7 Kxg7 14.Rd2 f5 15.b3 Re8
16.Qb2 Nf6 17.Rad1 Qc7 18.Ne1 e4 19.e3 Nc6 20.Nd5 Qe5 21.Qxe5 Rxe5 22.f4 exf3
23.Nxf3 Re4 24.Ne1 Re5 25.Nd3 Ne4 26.Nxe5 Nxe5 27.Rc2 Rb8 28.Nc3 Nxc3 29.Rxc3 Be6
30.e4 Re8 31.exf5 Bxf5 32.Bxb7 Re7 33.Bg2 Bg4 34.Re1 Nf3+  1-0

[Event "Vrnjacka Banja"]
[Site "Vrnjacka Banja"]
[Date "1989.??.??"]
[Round "?"]
[White "Stohl, Igor"]
[Black "Hebden, Mark"]
[Result "1/2-1/2"]
[WhiteElo "2455"]
[BlackElo "2455"]

1.Nf3 Nf6 2.c4 g6 3.g3 Bg7 4.Bg2 O-O 5.d4 d6 6.Nc3 Nc6 7.O-O Rb8 8.h3 a6
9.Bg5 b5 10.cxb5 axb5 11.d5 Na5 12.b4 Nc4 13.Nd4 Bd7 14.e3 Qe8 15.Qe2 Na3
16.Rac1 e6 17.Bxf6 Bxf6 18.Ne4 Bxd4 19.exd4 Qd8 20.dxe6 Bxe6 21.Qe3 Nc4 22.Qh6 f6
23.Rfe1 Bf7 24.h4 Ra8 25.h5 d5 26.hxg6 hxg6 27.Nc5 Re8 28.Bh3 Rxe1+ 29.Rxe1 Qf8
30.Qf4 Qd6 31.Qh6 Qf8 32.Qf4 Qd6 33.Qh6 Qf8  1/2-1/2

[Event "JUG-chT"]
[Site "Zlatibor"]
[Date "1989.??.??"]
[Round "?"]
[White "Zarkovic, Jugoslav"]
[Black "Paunovic, Dragan"]
[Result "1-0"]
[WhiteElo "2395"]
[BlackElo "2455"]

1.Nf3 Nf6 2.g3 g6 3.Bg2 Bg7 4.c4 O-O 5.d4 d6 6.Nc3 Nbd7 7.O-O e5 8.e4 exd4
9.Nxd4 Nc5 10.h3 a5 11.Be3 Re8 12.Qc2 Qe7 13.Rfe1 c6 14.Rad1 Nfd7 15.f4 Nf8
16.Bf2 Bd7 17.b3 Rad8 18.a3 Bc8 19.b4 axb4 20.axb4 Na6 21.Rb1 Qc7 22.Na4 Bd7
23.Ne2 c5 24.bxc5 Bxa4 25.Qxa4 Nxc5 26.Qc2 Nfe6 27.Nc3 Qa5 28.Nb5 Nc7 29.Red1 Nxb5
30.Rxb5 Qc7 31.Qb1 Bf8 32.Rd5 Rb8 33.Bxc5 dxc5 34.e5 b6 35.Qd3 Red8 36.h4 Bg7
37.h5 f6 38.Rxd8+ Rxd8 39.Bd5+ Kh8 40.h6 Bxh6 41.exf6 Qd6 42.Qc3 Rf8 43.f7+ Bg7
44.Qe1 Bd4+ 45.Kg2 Kg7 46.Qe8 h5 47.Rb1 Bc3 48.Rc1 Bb4 49.Rc2 b5 50.Re2 bxc4
51.Bxc4 Bc3 52.Re7 Bf6 53.Qxf8+ Kxf8 54.Re8+ Kg7 55.Rg8+ Kh7 56.f8=N+  1-0

[Event "JUG-chT"]
[Site "Zlatibor"]
[Date "1989.??.??"]
[Round "?"]
[White "Krnic, Zdenko"]
[Black "Paunovic, Dragan"]
[Result "1/2-1/2"]
[WhiteElo "2445"]
[BlackElo "2455"]

1.c4 g6 2.Nf3 Bg7 3.g3 Nf6 4.Bg2 O-O 5.O-O d6 6.d4 Nbd7 7.Nc3 e5 8.e4 exd4
9.Nxd4 Nc5 10.f3 a5 11.Be3 Re8 12.Qd2 c6 13.Rfd1 Qe7 14.Bf2 Nfd7 15.Nc2 Ne5
16.Qe2 Be6 17.Ne3 f5 18.exf5 gxf5 19.f4 Ng4 20.Nxg4 fxg4 21.Bd4 Rad8 22.Rd2 Qf7
23.Rad1 Bf5 24.Qf1 Bxd4+ 25.Rxd4 Re6 26.Qf2 Qe7 27.Bf1 h5 28.R1d2 Kf7 29.Re2 Rxe2  1/2-1/2

[Event "JUG-chT"]
[Site "Zlatibor"]
[Date "1989.??.??"]
[Round "?"]
[White "Panzalovic, Srdjan"]
[Black "Vucicevic, Moma"]
[Result "1/2-1/2"]
[WhiteElo "2325"]
[BlackElo "2320"]

1.c4 g6 2.g3 Bg7 3.Bg2 Nf6 4.Nf3 O-O 5.O-O d6 6.d4 Nbd7 7.Nc3 e5 8.h3 c6
9.e4 a6 10.Be3 Re8 11.Qc2 b5 12.Rfd1 exd4 13.Nxd4 Bb7 14.cxb5  1/2-1/2

[Event "Zug"]
[Site "Zug"]
[Date "1989.??.??"]
[Round "?"]
[White "Fauland, Alexander"]
[Black "Gallagher, Joseph G"]
[Result "1/2-1/2"]
[WhiteElo "2455"]
[BlackElo "2445"]

1.Nf3 Nf6 2.c4 g6 3.g3 Bg7 4.Bg2 O-O 5.O-O d6 6.d4 Nbd7 7.Nc3 e5 8.h3 Re8
9.dxe5 dxe5 10.Be3 Qe7 11.Rc1 c6 12.Qb3 Nc5 13.Qa3 Bf8 14.Rfd1 a5 15.b3 h6
16.Kh2 Bf5 17.Qb2 Qc7 18.Nh4 Be6  1/2-1/2

[Event "Aarhus op"]
[Site "Aarhus"]
[Date "1990.??.??"]
[Round "7"]
[White "Schmitz, Michael"]
[Black "Sorensen, Jan"]
[Result "0-1"]
[WhiteElo "2245"]
[BlackElo "2360"]

1.Nf3 Nf6 2.c4 g6 3.g3 Bg7 4.Bg2 O-O 5.O-O c5 6.Nc3 Nc6 7.d3 d6 8.a3 Bd7
9.Rb1 Qc8 10.Re1 Nd4 11.b4 Bc6 12.e4 Nxf3+ 13.Bxf3 b6 14.Nd5 Qd8 15.Bg5 e6
16.Nxf6+ Bxf6 17.Bxf6 Qxf6 18.Bg2 Qd4 19.Qd2 Rad8 20.Qe3 Qxe3 21.Rxe3 Rd7
22.b5 Ba8 23.a4 d5 24.exd5 exd5 25.cxd5 Rfd8 26.Rb3 Bxd5 27.Bxd5 Rxd5 28.Ra3 a5
29.bxa6 Ra8 30.Re7 Rxa6 31.Rb7 Rd4 32.Kg2 Kg7 33.Kf3 Rb4 34.Ke3 Ra5 35.Rc3 Raxa4
36.h4 Ra2 37.f3 h5 38.Rc4 Rab2 39.Re4 Rxe4+ 40.Kxe4 Kf6 41.Kd5 Rb3 42.Ke4 Ke6
43.g4 Rb4+ 44.Ke3 hxg4 45.fxg4 Rxg4 46.Rxb6+ Kf5 47.h5 Rg3+ 48.Kd2 gxh5 49.Rc6 Rg2+
50.Kc3 h4 51.Rxc5+ Kg4 52.Rc7 Rf2 53.Rc8 h3 54.d4 h2 55.Rg8+ Kf3 56.Rh8 Kg2  0-1

[Event "Adelaide op"]
[Site "Adelaide"]
[Date "1990.??.??"]
[Round "4"]
[White "Kengis, Edvins"]
[Black "Ginting, Nasib"]
[Result "1-0"]
[WhiteElo "2545"]
[BlackElo "2385"]

1.Nf3 Nf6 2.g3 g6 3.Bg2 Bg7 4.c4 O-O 5.O-O d6 6.Nc3 Nc6 7.d4 a6 8.h3 Rb8
9.Be3 b5 10.Nd2 Bb7 11.Rc1 e5 12.d5 Ne7 13.Bg5 h6 14.Bxf6 Bxf6 15.cxb5 axb5
16.b4 Qd7 17.Nb3 Bg7 18.Na5 f5 19.Nc6 Bxc6 20.dxc6 Qc8 21.e3 e4 22.Nd5 Nxd5
23.Qxd5+ Kh7 24.Rfd1 Qa6 25.Bf1 Qa4 26.Qb3 Qxb3 27.axb3 Rb6 28.Rd5 Rfb8 29.g4 fxg4
30.hxg4 Re8 31.Rxb5 Rxb5 32.Bxb5 Bb2 33.Rc2 Ba3 34.Rc4 Rb8 35.Rxe4 Rxb5 36.Re7+ Kg8
37.Rxc7 Bxb4 38.Rb7 Rc5 39.c7 Ba5 40.Rb8+  1-0

[Event "Adelaide op"]
[Site "Adelaide"]
[Date "1990.??.??"]
[Round "6"]
[White "Danailov, Silvio"]
[Black "Lanka, Zigurds"]
[Result "1/2-1/2"]
[WhiteElo "2460"]
[BlackElo "2500"]

1.Nf3 Nf6 2.c4 g6 3.g3 Bg7 4.Bg2 O-O 5.O-O d6 6.d4 Nc6 7.Nc3 a6 8.b3 Rb8
9.Bb2 b5 10.cxb5 axb5 11.Rc1 Bd7 12.e3 b4 13.Na4 Na5 14.Qc2 Bb5 15.Rfe1 c6
16.e4 Nd7 17.e5 Bxa4 18.bxa4 Nb6 19.Rcd1 Nbc4  1/2-1/2

[Event "Adelaide op"]
[Site "Adelaide"]
[Date "1990.??.??"]
[Round "8"]
[White "Danailov, Silvio"]
[Black "Ginting, Nasib"]
[Result "0-1"]
[WhiteElo "2460"]
[BlackElo "2385"]

1.Nf3 Nf6 2.c4 g6 3.g3 Bg7 4.Bg2 O-O 5.O-O d6 6.d4 Nc6 7.Nc3 a6 8.b3 Rb8
9.Bb2 b5 10.cxb5 axb5 11.Rc1 b4 12.Na4 Na7 13.Qc2 c6 14.e4 Qa5 15.Rfe1 Bd7
16.e5 Nd5 17.Nd2 Nb5 18.Nc4 Qa7 19.Qd2 Rfd8 20.h3 Be6 21.Kh2 c5 22.dxc5 dxc5
23.Red1 h5 24.h4 Kh7 25.Qe1 Ndc3 26.Rxd8 Rxd8 27.Bxc3 Nxc3 28.Nxc3 bxc3 29.Rc2 Rd4
30.Qxc3 Bxc4 31.bxc4 Bxe5 32.Qf3 Kg7 33.Kg1 Qa5 34.Qe2 Bf6 35.Bd5 e6 36.Bf3 Qa3
37.Kg2 Qa5 38.Bc6 Rd6 39.Bf3 Qa4 40.Be4 Qd7 41.Bf3 Rb6 42.Be4 Rd6 43.Bf3 Rd3
44.Qe4 Ra3 45.Qe2 Qa4 46.Be4 Qb4 47.Bf3 Qb1 48.Qd1 Qb6 49.Qd7 Bd4 50.Qb7 Qa5
51.Qb1 Rxf3 52.Kxf3 Qa8+ 53.Ke2 Qe4+ 54.Kd2 Bxf2 55.Qa1+ e5 56.Qf1 Qe3+ 57.Kd1 Bxg3
58.Rg2 Qc3 59.Rc2 Qe3 60.Rg2 Bxh4 61.Kc2 e4 62.Qa1+ Bf6  0-1

[Event "Arizona"]
[Site "Arizona"]
[Date "1990.??.??"]
[Round "?"]
[White "Larsen, Kenneth"]
[Black "Brown, Timothy G"]
[Result "1-0"]
[WhiteElo "2325"]
[BlackElo "2255"]

1.c4 Nf6 2.Nf3 g6 3.g3 Bg7 4.Bg2 O-O 5.d4 d6 6.O-O Nc6 7.Nc3 Bg4 8.d5 Na5
9.Nd2 c5 10.h3 Bd7 11.Kh2 e5 12.a3 Rc8 13.e4 a6 14.Qe2 Bh6 15.Nb3 Nxb3 16.Bxh6 Nxa1
17.Rxa1 Re8 18.Bg5 b5 19.Rf1 b4 20.Nb1 bxa3 21.Nxa3 h6 22.Bxh6 Nh7 23.f4 exf4
24.Bxf4 Qe7 25.Qd2 g5 26.Be3 Rb8 27.Rf2 Rb3 28.Nb1 Reb8 29.Qc1 Qe5 30.Nc3 f6
31.Qa1 Nf8 32.Nd1 R8b6 33.Qa5 Kg7 34.Qe1 Ng6 35.Qe2 Rb8 36.Bf3 Rh8 37.Bg4 Bxg4
38.Qxg4 Rh4 39.Qd7+ Ne7 40.Bf4 gxf4 41.gxh4 f3+ 42.Kh1 f5 43.Nc3 Rxc3 44.bxc3 fxe4
45.Rb2 Kf7 46.Rb8 e3 47.Qe8+ Kg7 48.Rb7  1-0

[Event "Bad Ragaz op"]
[Site "Bad Ragaz"]
[Date "1990.??.??"]
[Round "3"]
[White "Schwartzman, Gabriel"]
[Black "Mueller, L."]
[Result "1-0"]
[WhiteElo "2300"]
[BlackElo "2210"]

1.c4 g6 2.Nf3 Nf6 3.g3 Bg7 4.Bg2 O-O 5.O-O d6 6.d4 c6 7.Nc3 Bf5 8.h3 Ne4
9.Nh4 Nxc3 10.bxc3 Be6 11.Qd3 Qc7 12.f4 c5 13.f5 Bd7 14.fxg6 hxg6 15.Nxg6 fxg6
16.Rxf8+ Kxf8 17.Qxg6 e6 18.Bh6 Be8 19.Rf1+  1-0

[Event "Bad Ragaz op"]
[Site "Bad Ragaz"]
[Date "1990.??.??"]
[Round "6"]
[White "Jurek, Josef"]
[Black "Zueger, Beat"]
[Result "1/2-1/2"]
[WhiteElo "2320"]
[BlackElo "2415"]

1.Nf3 Nf6 2.c4 g6 3.g3 Bg7 4.Bg2 O-O 5.d4 c6 6.Nc3 d6 7.O-O a6 8.e4 Bg4 9.Be3 Nbd7
10.Qd2 c5 11.d5 Qa5 12.Rfc1  1/2-1/2

[Event "Bad Woerishofen op"]
[Site "Bad Woerishofen"]
[Date "1990.??.??"]
[Round "?"]
[White "Brueckner, Thomas"]
[Black "Schirm, Friedmar"]
[Result "0-1"]
[WhiteElo "2410"]
[BlackElo "2275"]

1.Nf3 Nf6 2.c4 g6 3.g3 Bg7 4.Bg2 O-O 5.O-O d5 6.cxd5 Nxd5 7.Nc3 Nc6 8.d4 Nb6
9.e3 e5 10.d5 Ne7 11.e4 Bg4 12.Qb3 c6 13.Nh4 cxd5 14.exd5 Nec8 15.h3 Bd7
16.a4 Nd6 17.a5 Nbc4 18.Qb4 b6 19.a6 Re8 20.Ne4 Nxe4 21.Qxc4 Nd6 22.Qb4 Rc8
23.Nf3 Bb5 24.Re1 e4 25.Ng5 Rc4 26.Qb3 Rxc1 27.Raxc1 Qxg5 28.Rc7 Bd4 29.Qb4 Bc5
30.Rxc5 bxc5 31.Qxc5 Qe7 32.Re3 Rc8  0-1

[Event "Balassagyarmat"]
[Site "Balassagyarmat"]
[Date "1990.??.??"]
[Round "8"]
[White "Stangl, Markus"]
[Black "Tseshkovsky, Vitaly"]
[Result "1-0"]
[WhiteElo "2405"]
[BlackElo "2490"]

1.Nf3 Nf6 2.c4 g6 3.g3 Bg7 4.Bg2 O-O 5.d4 d6 6.O-O c6 7.b3 Qa5 8.Bb2 Qh5
9.Nbd2 Bg4 10.Qc2 Na6 11.Bc3 d5 12.Rfe1 Bf5 13.Qb2 Ne4 14.Nxe4 Bxe4 15.cxd5 cxd5
16.Rac1 Rfc8 17.Bd2 Qf5 18.Nh4 Qd7 19.f3 Bf5 20.Nxf5 gxf5 21.e3 Rxc1 22.Rxc1 Rc8
23.Bf1 Nb8 24.Bd3 Rxc1+ 25.Qxc1 e6 26.Qc2 Nc6 27.b4 Bf8 28.Qb1 Qc7 29.Qc2 Qd6
30.a3 h6 31.Kf2 a6 32.Qa4 h5 33.Qd1 a5 34.b5 Ne7 35.a4 b6 36.Qc1 h4 37.Qg1 Ng6
38.gxh4 Qd8 39.Be1 Qxh4+ 40.Ke2 Qe7 41.h4 Kh7 42.h5 Nh8 43.Qg3 Qa3 44.Qb8 Bb4
45.Bxb4 axb4 46.Qf8 Qb2+ 47.Kf1 Qc1+ 48.Kf2 Qd2+ 49.Be2 f4 50.h6 fxe3+ 51.Kf1 Qxd4
52.Qg7+ Qxg7 53.hxg7 Ng6 54.a5 bxa5 55.b6 Ne5 56.Bb5  1-0

[Event "Bela Crkva op"]
[Site "Bela Crkva"]
[Date "1990.??.??"]
[Round "2"]
[White "Cvitan, Ognjen"]
[Black "Ristic, Nenad"]
[Result "1-0"]
[WhiteElo "2525"]
[BlackElo "2415"]

1.Nf3 Nf6 2.c4 g6 3.g3 Bg7 4.Bg2 O-O 5.d4 d6 6.O-O c6 7.Nc3 Qa5 8.e4 Bg4
9.h3 Bxf3 10.Bxf3 Nfd7 11.Be3 e5 12.d5 cxd5 13.cxd5 Na6 14.a3 Rfc8 15.b4 Qd8
16.Nb5 Nb6 17.Qd3 h5 18.Rac1 Kh7 19.h4 Bh6 20.Bxh6 Kxh6 21.Bg2 Kg7 22.Bh3 Rxc1
23.Rxc1 Qe7 24.Qe3 Qd8 25.Kg2 f5 26.exf5 Nxd5 27.Qf3 Qg8 28.f6+ Nxf6 29.Qxb7+ Kh6
30.Qxa6 Qd5+ 31.Kg1 Ne4 32.Bg2  1-0

[Event "Bela Crkva op"]
[Site "Bela Crkva"]
[Date "1990.??.??"]
[Round "8"]
[White "Pavlovic, Milos"]
[Black "Nikolic, Vasilije"]
[Result "1-0"]
[WhiteElo "2420"]
[BlackElo "2310"]

1.c4 Nf6 2.Nf3 g6 3.g3 Bg7 4.Bg2 O-O 5.O-O d6 6.Nc3 c6 7.d4 Qa5 8.e4 e5 9.h3 Be6
10.Qe2 Na6 11.Be3 h6 12.a3 exd4 13.Nxd4 Bd7 14.Rfd1 Rfe8 15.Rac1 Kh7 16.Nb3 Qc7
17.Bf4 Qb6 18.Qc2 Be6 19.Na4 Qc7 20.Bxd6 Qc8 21.Kh2 h5 22.Nd4 Bd7 23.Nc3 h4
24.g4 Nc7 25.e5 Ng8 26.Ne4 Bxe5+ 27.Kh1 Bxd4 28.Ng5+ Kg7 29.Rxd4 f6 30.Qc3 Ne6
31.Nxe6+ Rxe6 32.Rcd1 Be8 33.g5 c5 34.gxf6+ Nxf6 35.Rf4 Bc6 36.Be7 Rxe7 37.Qxf6+ Kg8
38.Rd5 Qe6 39.Qxh4 Rh7 40.Qg3 Re8 41.Kh2 b6 42.Rg4  1-0

[Event "Belgorod"]
[Site "Belgorod"]
[Date "1990.??.??"]
[Round "?"]
[White "Szekely, Peter"]
[Black "Krasenkow, Michal"]
[Result "1/2-1/2"]
[WhiteElo "2420"]
[BlackElo "2545"]

1.Nf3 Nf6 2.c4 g6 3.g3 Bg7 4.Bg2 O-O 5.d4 d5 6.cxd5 Nxd5 7.O-O Nb6 8.Nc3 Nc6
9.d5 Na5 10.Bf4 c6 11.dxc6 Qxd1 12.Rfxd1 Nxc6 13.Rac1 Bf5 14.Nd2  1/2-1/2

[Event "Belgrade (Women)"]
[Site "Belgrade"]
[Date "1990.??.??"]
[Round "2"]
[White "Cejic, Dusica"]
[Black "Richtrova, Eliska"]
[Result "0-1"]
[WhiteElo "2240"]
[BlackElo "2355"]

1.Nf3 Nf6 2.c4 g6 3.g3 Bg7 4.Bg2 O-O 5.d4 d6 6.O-O c6 7.Nc3 a6 8.e4 b5 9.e5 Ne8
10.cxb5 axb5 11.Re1 b4 12.Ne4 Na6 13.Qc2 Qb6 14.Bg5 Ra7 15.Rac1 Nb8 16.b3 Bf5
17.Qd2 Qa5 18.h4 Rd7 19.Bh6 f6 20.Bxg7 Nxg7 21.exf6 exf6 22.Nh2 d5 23.Nc5 Ra7
24.Re2 Bc8 25.Qf4 Qc7 26.Qd2 Qb6 27.Rce1 Na6 28.Na4 Qd8 29.Qc1 Qd6 30.Nc5 Nf5
31.Nf3 Nxd4  0-1

[Event "Bern op"]
[Site "Bern"]
[Date "1990.??.??"]
[Round "8"]
[White "Schulze, Ulrich"]
[Black "Filipovic, Branko"]
[Result "1-0"]
[WhiteElo "2380"]
[BlackElo "2445"]

1.Nf3 Nf6 2.g3 g6 3.Bg2 Bg7 4.c4 O-O 5.d4 d6 6.O-O c5 7.Nc3 Nc6 8.e3 Bg4
9.h3 Bxf3 10.Bxf3 Nd7 11.Na4 cxd4 12.exd4 Nxd4 13.Bxb7 Ne5 14.Be3 Nf5 15.Bxa8 Qxa8
16.Qd5 Nxe3 17.Qxa8 Rxa8 18.fxe3 Nxc4 19.Rae1 Nxb2 20.Nxb2 Bxb2 21.Rb1 Ba3
22.Rb7 Kf8 23.Rfb1 Bc5 24.Kf2 Rc8 25.Rb8 Rxb8 26.Rxb8+ Kg7 27.g4 f5 28.gxf5 gxf5
29.Kf3 h6 30.a4 e6 31.a5 Kg6 32.a6 Kg5 33.Rg8+ Kf6 34.h4 Kf7 35.Rg2 e5 36.h5 d5
37.Rg6 e4+ 38.Kf4 d4 39.Rc6 Be7 40.exd4 Bg5+ 41.Kxf5 e3 42.Re6  1-0

[Event "Biel op"]
[Site "Biel"]
[Date "1990.??.??"]
[Round "3"]
[White "Pavlovic, Milos"]
[Black "Sznapik, Aleksander"]
[Result "1/2-1/2"]
[WhiteElo "2465"]
[BlackElo "2455"]

1.c4 Nf6 2.g3 g6 3.Bg2 Bg7 4.Nf3 O-O 5.Nc3 d6 6.O-O Bg4 7.d4 Qc8 8.Bg5 Re8
9.Qd2 c5 10.d5 Na6 11.Bh6 Bh8 12.Ng5 Nc7 13.h3 Bd7 14.a4 a6 15.a5 Rb8 16.e4 b5
17.axb6 Rxb6 18.f4 Nh5 19.f5 Bd4+ 20.Kh2 Qb8 21.Ra2 Be5 22.Ne2 f6 23.Nf3 Rb4
24.Nxe5 dxe5 25.g4 Ng7 26.d6 Na8 27.dxe7 Rxe7 28.Rxa6 Nb6 29.fxg6 Nxc4 30.Qd5+ Be6
31.Qxc5 Re8 32.Rxe6 Rb6 33.Rxb6 Nxb6 34.gxh7+ Kxh7 35.Qf2 Nd7 36.Bxg7 Kxg7
37.Rb1 Qb4 38.Qe3 Kh7 39.Ng3 Rg8 40.g5 Rxg5 41.Qe1  1/2-1/2